000 00455nam a2200157Ia 4500
003 GCL
008 140319s9999 xx 000 0 ara d
040 _aGCL /
_cGCL
082 0 4 _a230
_bم س
100 1 _aمحمد الغزالى
245 1 0 _aالسنة النبوية بين اهل الفقة /
_cمحمد الغزالى
260 _a[S.N] :
_bدار الشروق ،
_c1992
490 _a
650 0 4 _aالفقه الاسلامى
942 _2ddc
_cBK
999 _c33120
_d33120